000 02240cam a2200157 4500500
005 20260222001017.0
041 _afre
042 _adc
100 1 0 _aEM Georges, Rogenette
_eauthor
245 0 0 _aEl traumatismo psicológico: de la efracción a la reconstrucción. Perspectivas clínicas en el contexto de la catástrofe natural.
260 _c2026.
500 _a4
520 _aEl traumatismo psicológico, definido etimológicamente como una «herida por efracción», constituye una respuesta normal a acontecimientos excepcionales que amenazan la integridad física y/o psíquica. La evolución histórica del concepto, desde las investigaciones pioneras de Oppenheim en 1888 sobre la «neurosis traumática» hasta las clasificaciones nosográficas contemporáneas, revela una comprensión profunda de estos fenómenos complejos. Estudios recientes identifican cuatro síntomas principales del trastorno de estrés postraumático: reviviscencias (flash-back, pesadillas), comportamientos de evitación, hiperactivación neurovegetativa y alteraciones cognitivas y anímicas. El enfoque neurobiológico destaca los mecanismos implicados, en particular la hiperactivación de la amígdala y la desregulación de las conexiones con la corteza prefrontal, lo que provoca dificultades en la regulación emocional y fenómenos disociativos. Las reacciones individuales varían según la naturaleza del evento, los antecedentes personales, el estado mental y el nivel de apoyo del entorno. La prevalencia mundial del trastorno por estrés postraumático se estima en un 3,9 %, con predominio en las mujeres. Los enfoques terapéuticos incluyen EMDR, terapias cognitivo-conductuales e hipnosis, complementadas, si es necesario, con enfoques no convencionales y tratamiento farmacológico. Un tratamiento holístico, que integra el papel fundamental del entorno, los factores y los tutores de resiliencia, favorece la transformación de las vulnerabilizaciones en recursos terapéuticos y permite la reconstrucción psíquica.
786 0 _nL’Information Psychiatrique | 102 | 1 | 2026-02-04 | p. 17-22 | 0020-0204
856 4 1 _uhttps://stm.cairn.info/revista-linformation-psychiatrique-2026-1-page-17?lang=es&redirect-ssocas=7080
999 _c1664065
_d1664065